Imam Khomeini`s Views and Particularities of Divine Religions (Record no. 6819)

MARC details
000 -LEADER
fixed length control field 00684nam a2200241 a 4500
020 ## - INTERNATIONAL STANDARD BOOK NUMBER
ISBN
082 00 - DEWEY DECIMAL CLASSIFICATION NUMBER
Classification number 297.82
Author Cutter MIG
100 ## - MAIN ENTRY--AUTHOR NAME
Author name Ministry Of Islamic Guidance,
245 ## - TITLE STATEMENT
Title Imam Khomeini`s Views and Particularities of Divine Religions
260 ## - PUBLICATION, DISTRIBUTION, ETC. (IMPRINT)
Place of publication Tehran
Name of publisher Council Celebration of Third Anniversary
Year of publication 1982
300 ## - PHYSICAL DESCRIPTION
Number of Pages 31p
500 ## - GENERAL NOTE
General note includes index and biblioraphy
505 2# - FORMATTED CONTENTS NOTE
Formatted contents note Hebrew Grammar {New Testament}
650 ## - SUBJECT ADDED ENTRY--TOPICAL TERM
Topical Term Shiah-Doctrines
942 ## - ADDED ENTRY ELEMENTS (KOHA)
Koha item type Books
700 1# -
-- Ministry Of Islamic Guidance,
Holdings
Collection code Home library Current library Date acquired Cost, normal purchase price Full call number Accession Number Koha item type
  Henry Martyn Institute Library Henry Martyn Institute Library 06/28/2007 100.00 297.82 MIG 010434 Books
                   Copyright © 2026 | Henry Martyn Institute | Hyderabad | TS-500052 | INDIA | Implemented by hmi.edu.in
Hit-Count:

Powered by Koha